| 000 | 00390cam a2200181 4500 | ||
|---|---|---|---|
| 001 | D12798 | ||
| 008 | 090401t1965 xxu||||| |||| 00| 0 eng d | ||
| 035 | _a(Sirsi) u5853 | ||
| 041 | _aeng | ||
| 100 | _aGarner, J.F. | ||
| 245 | _aSlum clearance and compensation | ||
| 250 | _a2nd | ||
| 260 |
_bOyez _c1965 |
||
| 350 | _a0 | ||
| 520 | _aShelf 181 | ||
| 942 | _n0 | ||
| 948 | _c04/03/1997 | ||
| 999 |
_c86221 _d86221 |
||